| 000 | 00000nam##2200000za#4500 |
| 001 | 9.570299 |
| 003 | CaOODSP |
| 005 | 20210624182157 |
| 007 | cr ||||||||||| |
| 008 | 150406|2007||||xxc|||||o f|0| 0 eng|d |
| 040 | |aCaOODSP|beng |
| 043 | |an-cn--- |
| 086 | 1 |aYC28-0/391-8E-PDF |
| 110 | 1 |aCanada. |bParliament. |bSenate. |bStanding Committee on Aboriginal Peoples. |
| 245 | 10|aSafe drinking water for First Nations : |h[electronic resource]|bfinal report / |cThe Honourable Gerry St. Germaine, P.C., chair; The Honourable Nick Sibbeston, deputy chair. |
| 260 | |aOttawa - Ontario : |bSenate. |cMay 2007. |
| 300 | |a17p.|btable |
| 490 | 1 |aReport of the Standing Senate Committee on Aboriginal Peoples|v39th Parliament, 1st Session, [8th report] |
| 590 | |a11-12-Supp|b2011-07-29 |
| 775 | 08|tL'approvisionnement en eau potable sécuritaire pour les Premières nations : |w(CaOODSP)9.601044 |
| 830 | #0|aReport of the Standing Senate Committee on Aboriginal Peoples ;|v39th Parliament, 1st Session, [8th report]|w(CaOODSP)9.505264 |
| 856 | 40|ahttp://publications.gc.ca|qPDF|s175 KB|uhttps://publications.gc.ca/collections/collection_2011/sen/yc28-0/YC28-0-391-8-eng.pdf|y39th Parliament, 1st Session, [8th report] |